Should you diversify? (Record no. 72260)

MARC details
000 -LEADER
fixed length control field 00815cam a2200205 4500
001 - CONTROL NUMBER
control field ABS66478
008 - FIXED-LENGTH DATA ELEMENTS--GENERAL INFORMATION
fixed length control field 030307n2003 000 0 eng u
035 ## - SYSTEM CONTROL NUMBER
System control number (Sirsi) u121563
100 ## - MAIN ENTRY--PERSONAL NAME
Personal name Hickish, L.
245 ## - TITLE STATEMENT
Title Should you diversify?
260 ## - PUBLICATION, DISTRIBUTION, ETC.
Date of publication, distribution, etc. 2003
490 ## - SERIES STATEMENT
Series statement South East Farmer
Volume/sequential designation February 2003, 39-41(2)
520 ## - SUMMARY, ETC.
Summary, etc. Summarises the options open to farmers thinking of diversifying. Briefly considers the typical questions that need to be asked or considered before going in for an alternative source of income, such as posssible restrictions of tenancies, planning uses, planning consent, viability of scheme and funding.
590 ## - LOCAL NOTE (RLIN)
Local note ABS
650 ## - SUBJECT ADDED ENTRY--TOPICAL TERM
Topical term or geographic name entry element FARM DIVERSIFICATION
650 ## - SUBJECT ADDED ENTRY--TOPICAL TERM
Topical term or geographic name entry element RURAL ECONOMY
650 ## - SUBJECT ADDED ENTRY--TOPICAL TERM
Topical term or geographic name entry element RURAL REGENERATION
690 ## - LOCAL SUBJECT ADDED ENTRY--TOPICAL TERM (OCLC, RLIN)
Topical term or geographic name as entry element RURAL-FARM BUSINESS MANAGEMENT
942 ## - ADDED ENTRY ELEMENTS (KOHA)
Suppress in OPAC 0
Holdings
Withdrawn status Lost status Source of classification or shelving scheme Damaged status Not for loan Home library Current library Shelving location Date acquired Total Checkouts Full call number Barcode Date last seen Copy number Price effective from Koha item type
    Dewey Decimal Classification     London London Journal article 07/03/2003   ABS66478 121563-1001 06/08/2019 1 06/08/2019 Journal article